Marketing Management: Indian Cases (Record no. 11667)

MARC details
000 -LEADER
fixed length control field 00684nam a22002777a 4500
003 - CONTROL NUMBER IDENTIFIER
control field OSt
008 - FIXED-LENGTH DATA ELEMENTS--GENERAL INFORMATION
fixed length control field 230106b ||||| |||| 00| 0 eng d
020 ## - INTERNATIONAL STANDARD BOOK NUMBER
International Standard Book Number 9789332587106
082 ## - DEWEY DECIMAL CLASSIFICATION NUMBER
Classification number 658.8 AGM
100 ## - MAIN ENTRY--PERSONAL NAME
Personal name GUPTA,Prachi
245 ## - TITLE STATEMENT
Title Marketing Management: Indian Cases
250 ## - EDITION STATEMENT
Edition statement 7th IMP
260 ## - PUBLICATION, DISTRIBUTION, ETC. (IMPRINT)
Place of publication, distribution, etc New Delhi
Name of publisher, distributor, etc Pearson
Date of publication, distribution, etc 2022
300 ## - PHYSICAL DESCRIPTION
Extent MISC
650 ## - SUBJECT ADDED ENTRY--TOPICAL TERM
Topical term or geographic name as entry element Marketing Management
700 ## - ADDED ENTRY--PERSONAL NAME
Personal name AGGARWAL,Ashita
700 ## - ADDED ENTRY--PERSONAL NAME
Personal name MAJRA,Hufrish
700 ## - ADDED ENTRY--PERSONAL NAME
Personal name JACOB,Isaac
700 ## - ADDED ENTRY--PERSONAL NAME
Personal name JAIN,Varsha
700 ## - ADDED ENTRY--PERSONAL NAME
Personal name KRISHANA,G Radha
700 ## - ADDED ENTRY--PERSONAL NAME
Personal name NARANG,Ritu
700 ## - ADDED ENTRY--PERSONAL NAME
Personal name VENKATESH,Shanthi
700 ## - ADDED ENTRY--PERSONAL NAME
Personal name PAUL A,Suresh
700 ## - ADDED ENTRY--PERSONAL NAME
Personal name GOSWAMI,Susobhan
942 ## - ADDED ENTRY ELEMENTS (KOHA)
Source of classification or shelving scheme Dewey Decimal Classification
Koha item type Reference Books
Holdings
Withdrawn status Lost status Source of classification or shelving scheme Damaged status Not for loan Collection code Home library Current library Date acquired Source of acquisition Currency Cost, normal purchase price Bill Number Total Checkouts Full call number Acc. no. / Barcode Date last seen Actual Cost, discounted price Bill Date Koha item type Date last borrowed
    Dewey Decimal Classification     MBA PIET C-LIBRARY PIET C-LIBRARY 09/12/2022 International Book Centre IN Rupees 575.00 IB/IN/851   658.8 AGM 34327 06/01/2023 396.75 09/12/2022 Reference Books  
    Dewey Decimal Classification     MBA PIET C-LIBRARY PIET C-LIBRARY 16/02/2023 International Book Centre IN Rupees 385.00 IB/IN/1153   658.8 GUM 34561 02/03/2023 257.95 16/02/2023 Text Books  
    Dewey Decimal Classification     MBA PIET C-LIBRARY PIET C-LIBRARY 16/02/2023 International Book Centre IN Rupees 385.00 IB/IN/1153 1 658.8 ANB 34562 09/02/2024 257.95 16/02/2023 Text Books 25/01/2024
    Dewey Decimal Classification     MBA PIET C-LIBRARY PIET C-LIBRARY 16/02/2023 International Book Centre IN Rupees 385.00 IB/IN/1153   658.8 GUM 34563 02/03/2023 257.95 16/02/2023 Text Books  

Design & Developed by: PIET Central Library
R70 Miles Stone Pattikalyana Samalkha Panipat 132102
mail ID :- [email protected], Phone No:- 0180-2569700 Ex.216